000 00571nam a2200181Ia 4500
008 151202s9999||||xx |||||||||||||| ||und||
082 _bPNVM-61270
100 _aभसे पोपटराव.
245 _aहाय सोसायटी.
260 _b"राज पब्लिकेशन्स,पुणे"
260 _c61270
300 _a208
600 _aभसे पोपटराव.
630 _aहाय सोसायटी.
700 _aभसे पोपटराव.
730 _aहाय सोसायटी.
942 _cBOOK
999 _c1327804
_d1327801